Statistiques concernant Chef-Lieux des Départements Français - Carte Quiz

Cliquez ici pour prendre le quiz!

Statistiques générales

  • Ce quiz a été pris 1,333 fois
  • Le résultat moyen est 56 sur 101

Statistiques - réponses

Answer % Correct
Paris
83%
Lille
81%
Ajaccio
78%
Bordeaux
78%
Strasbourg
76%
Nice
75%
Rennes
73%
Marseille
73%
Nantes
73%
Quimper
72%
Montpellier
70%
La Rochelle
70%
Caen
68%
Cayenne
68%
Lyon
68%
Rouen
66%
Perpignan
66%
Amiens
66%
Belfort
66%
Bastia
65%
Saint-Denis
64%
Colmar
64%
Toulouse
64%
Versailles
64%
Toulon
63%
Arras
63%
Basse-Terre
62%
Saint-Brieuc
62%
Orléans
61%
Mamoudzou
61%
Dijon
61%
Saint-Étienne
61%
Vannes
61%
Fort-de-France
60%
Grenoble
60%
Nîmes
59%
Metz
59%
Clermont-Ferrand
59%
Chambéry
58%
Pau
58%
Avignon
58%
Saint-Lô
58%
La Roche-sur-Yon
57%
Le Mans
57%
Beauvais
57%
Angers
56%
Poitiers
55%
Nancy
55%
Nanterre
55%
Laval
54%
Annecy
54%
Besançon
54%
Carcassonne
53%
Charleville-Mézières
53%
Mont-de-Marsan
53%
Cergy-Pontoise
52%
Tours
51%
Valence
51%
Niort
50%
Melun
50%
Évry-Courcouronnes
50%
Évreux
50%
Bourg-en-Bresse
49%
Chartres
49%
Périgueux
49%
Créteil
49%
Auxerre
49%
Châlons-en-Champagne
49%
Mâcon
48%
Limoges
48%
Gap
48%
Troyes
48%
Digne-les-Bains
47%
Épinal
47%
Alençon
47%
Rodez
47%
Angoulême
47%
Nevers
46%
Bourges
46%
Bobigny
46%
Privas
46%
Foix
45%
Laon
45%
Aurillac
45%
Le Puy-en-Velay
45%
Tulle
44%
Moulins
44%
Blois
43%
Tarbes
43%
Lons-le-Saunier
43%
Châteauroux
43%
Mende
41%
Agen
40%
Bar-le-Duc
39%
Albi
38%
Guéret
38%
Auch
36%
Cahors
36%
Chaumont
35%
Montauban
35%
Vesoul
35%

Distribution des résultats

Percentile par nombre de réponses

% des personnes avec chaque résultat

Votre développement - résultats

Vous n’avez pas pris ce quiz